LEADER 01386nam 2200397 450 001 000016771 005 20060215125425.0 010 $a0-12-182053-X 100 $a20031013d1987----km-y0itay0103----ba 101 0 $aeng 102 $aUS 200 1 $aGuide to molecular cloning techniques$fedited by Shelby L. Berger, Alan R. Kimmel$v152 210 $aOrlando...[etc.]$cAcademic Press$d1987 215 $aXL, 812 p.$cill.$d24 cm 225 2 $aMethods in enzymology$v152 410 1$12001$aMethods in enzymology$v152 606 1 $aClonazione 606 2 $aBiotecnologia 676 $a660.65$v(21. ed.)$9Biotecnologia. Ingegneria genetica 702 1$aBerger,$bShelby L. 702 1$aKimmel,$bAlan R. 801 0$aIT$bUniversità della Basilicata - B.I.A.$gRICA$2unimarc 912 $a000016771 996 $aGuide to molecular cloning techniques$981971 997 $aUNIBAS BAS $aAGRARIA CAT $aSTD032$b01$c20031013$lBAS01$h1635 CAT $aTORRE$b20$c20031027$lBAS01$h1034 CAT $c20050601$lBAS01$h1755 CAT $abatch$b01$c20050718$lBAS01$h1053 CAT $c20050718$lBAS01$h1112 CAT $c20050718$lBAS01$h1142 CAT $c20050718$lBAS01$h1156 CAT $aTTM$b30$c20060215$lBAS01$h1254 FMT Z30 -1$lBAS01$LBAS01$mBOOK$1BASA2$APolo Tecnico-Scientifico$2DID$BDidattica$3PTS$657598$5A57598$820031013$f98$FConsultazione LEADER 01913nam0 22003131i 450 001 UON00017648 005 20231205102002.706 100 $a20020107d1968 |0itac50 ba 101 $aeng 102 $aNL 105 $a|||| 1|||| 200 1 $aLETTERS received by the East India Company from the Servants in the East$etranscribed from the 'Original correspondence' series of the India Office records$fIntr. Frederick Charles Danvers 210 $aReprint of the edition London 1896 - Amsterdam$cIsrael$d1968 6 v. 3 tomi ; 22 cm Cont.$cv. 1 - 1602-1613 ; v. 2 - 1613-1615 ; v. 3 - 1615 ; v. 4 - 1616 ; v. 5-6 - 1617 316 $aAltri inv. 80809-810$5IT-UONSI SIIVB/125 (1-3) 316 $aSI IV B 125 (2)$5IT-UONSI SIIVB/125 (2) 316 $aSI IV B 125 (3)$5IT-UONSI SIIVB/125 (3) 606 $aIndia$xStoria$xPeriodo Britannico$3UONC001213$2FI 620 $aNL$dAmsterdam$3UONL001817 686 $aSI IV B$cSUBCONT. INDIANO - STORIA MODERNA (1526-1947)$2A 702 1$aDANVERS$bFrederick Charles$3UONV012711 710 02$aEast India Company$3UONV012710$0641212 712 $aN. Israel$3UONV248632$4650 801 $aIT$bSOL$c20260306$gRICA 912 $aUON00017648 950 $aSIBA - SISTEMA BIBLIOTECARIO DI ATENEO E ARCHIVIO STORICO$dSI SI IV B 125 (1-3) $eSI IND959 5 125 (1-3) Altri inv. 80809-810 950 $aSIBA - SISTEMA BIBLIOTECARIO DI ATENEO E ARCHIVIO STORICO$dSI SI IV B 125 (2) $eSI SA 80809 5 125 (2) SI IV B 125 (2) 950 $aSIBA - SISTEMA BIBLIOTECARIO DI ATENEO E ARCHIVIO STORICO$dSI SI IV B 125 (3) $eSI SA 80810 5 125 (3) SI IV B 125 (3) 996 $aLETTERS received by the East India Company from the Servants in the East$91194893 997 $aUNIOR